LEADER 01127nam a2200265 i 4500 001 000000356963 003 CaOOAMICUS 005 20250929164859.0 008 240129s2023 it a u000 u ita u 020 $a978-88-6483-081-0 040 $aSeMil$bita 100 1 $aBenussi, Michele.$0(OLS)http://semarc/name/119039 245 10$aJakob Böhme :$bmistica e nascita spirituale /$cMichele Benussi ; prefazione di Silvano Zucal. 264 1$aRoma :$bArkeios,$c2023. 300 $a137 p. :$bill. ;$c24 cm 490 1 $aLa via dei simboli 600 14$aBöhme, Jakob <1575-1624>.$0(OLS)http://semarc/subject/9569 700 1 $aZucal, Silvano,$d<1956- >.$0(OLS)http://semarc/name/3830 830 3$aLa via dei simboli .$0(OLS)http://semarc/title/450 850 $aSeMil 852 $aSeMil$W1$xVenegono$y1$m3UA D 66$j262479$B248152$CSeMilBibl$Z2$F248152 $81 996 $6020$a978-88-6483-081-0$9(OLS)http://semarc/number/299717 996 $6245$aJakob Böhme :$bmistica e nascita spirituale$9(OLS)http://semarc/title/447188 996 $6264$aRoma :$bArkeios$9(OLS)http://semarc/publisher/29795 LEADER 00989nam a2200229 i 4500 001 000000165314 003 CaOOAMICUS 005 20071015000000.0 008 071015s1933 it u000 u ita u 013 $a142682 040 $aSeMil$bita 245 12$aI rimatori bolognesi del secolo 13. /$cEdizione critica a cura di Guido Zaccagnini. 260 $aMilano :$bVita e Pensiero,$c1933. 300 $a161 p. ;$c21 cm. 490 0 $aOrbis Romanus : biblioteca di testi medievali ;$v1 650 4$aPoesia italiana - Autori bolognesi - Sec. 13. - Antologie.$0(OLS)http://semarc/subject/31384 700 1 $aZaccagnini, Guido.$0(OLS)http://semarc/name/8230 830 0$aOrbis Romanus ;$v1.$0(OLS)http://semarc/title/6971 850 $aSeMil 852 $aSeMil$W1$xVenegono$y1$m1L VI 32$j116508$B116508$CSeMilBibl$Z2$F127471 $81 996 $6245$aI rimatori bolognesi del secolo 13.$9(OLS)http://semarc/title/235996 996 $6260$aMilano :$bVita e Pensiero$9(OLS)http://semarc/publisher/29642